[Event "RA-2014-0-00343"]
[Site "LSS email"]
[Date "2014.08.23"]
[Round "?"]
[White "Kazmierski, Tomasz"]
[Black "Van Hooff, Ruud"]
[Result "1/2-1/2"]
[WhiteElo "1967"]
[BlackElo "2138"]
[PlyCount "101"]
[EventDate "2014.08.02"]
[EventType "tourn (corr)"]
[EventRounds "6"]
[EventCountry "GER"]
[SourceTitle "Corr 2015"]
[Source "ChessBase"]
[SourceDate "2015.07.17"]
[SourceVersion "1"]
[SourceVersionDate "2015.07.17"]
[SourceQuality "1"]

1. d4 d5 2. c4 e6 3. Nf3 Nf6 4. Nc3 Bb4 5. Bg5 Nbd7 6. e3 c5 7. cxd5 exd5 8. Qc2 Qa5 9. Bd3 c4 10. Bf5 0-0 11. 0-0 Re8 12. Nd2 g6 13. Bxd7 Nxd7 14. e4 Bxc3 15. Qxc3 Qxc3 16. bxc3 f6 17. Bh4 g5 18. Bg3 Nb6 19. Bc7 Na4 20. Rfc1 Re7 21. Bd8 Rf7 22. exd5 Bf5 23. Ba5 Bd3 24. Nf1 b6 25. Bb4 a5 26. Bd6 Rd7 27. Bg3 Rxd5 28. h4 gxh4 29. Bxh4 Rh5 30. Bxf6 Bxf1 31. Kxf1 Nxc3 32. g4 Rh3 33. Kg2 Rd3 34. Be5 Rc8 35. Rh1 Rd2 36. Rh5 Nd1 37. Rg5+ Kf7 38. d5 Rxd5 39. Rb1 Rc6 40. Rg7+ Ke6 41. f4 c3 42. Rc1 Rd3 43. Rxh7 Rc4 44. Rh6+ Ke7 45. Rh7+ Ke8 46. Rh8+ Kd7 47. Rh7+ Kc8 48. g5 Ra4 49. Kh1 Rxa2 50. Bxc3 Nf2+ 51. Kh2 1/2-1/2

[Event "RA-2014-0-00343"]
[Site "LSS email"]
[Date "2014.08.23"]
[Round "?"]
[White "Vaassen, Jack M"]
[Black "Kazmierski, Tomasz"]
[Result "1/2-1/2"]
[WhiteElo "2125"]
[BlackElo "1967"]
[PlyCount "69"]
[EventDate "2014.08.02"]
[EventType "tourn (corr)"]
[EventRounds "6"]
[EventCountry "GER"]
[SourceTitle "Corr 2015"]
[Source "ChessBase"]
[SourceDate "2015.07.17"]
[SourceVersion "1"]
[SourceVersionDate "2015.07.17"]
[SourceQuality "1"]

1. d4 d5 2. c4 c6 3. Nf3 Nf6 4. Nc3 dxc4 5. a4 Bf5 6. Ne5 e6 7. f3 Bb4 8. Nxc4 0-0 9. Kf2 Bg6 10. e4 c5 11. Na2 Nc6 12. Nxb4 Nxb4 13. Qb3 Nxe4+ 14. fxe4 Bxe4 15. Bf4 Qf6 16. Qe3 Rfd8 17. Kg1 Qxd4 18. Be5 Qxe3+ 19. Nxe3 Nd3 20. Bc3 f6 21. h4 h5 22. Rh2 Rd7 23. a5 Rad8 24. g3 Kf7 25. b3 Bf3 26. Nc4 Ke7 27. Rd2 Be4 28. Bh3 Nb4 29. Rxd7+ Rxd7 30. Bxb4 cxb4 31. Bf1 Bc2 32. Ra4 Bxb3 33. Rxb4 Bxc4 34. Bxc4 g6 35. Be2 1/2-1/2

[Event "SB-2013-0-00345"]
[Site "LSS email"]
[Date "2013.12.24"]
[Round "?"]
[White "Kazmierski, Tomasz"]
[Black "Sikorski, Roman"]
[Result "1/2-1/2"]
[WhiteElo "1967"]
[BlackElo "1776"]
[PlyCount "75"]
[EventDate "2013.12.02"]
[EventType "tourn (corr)"]
[EventRounds "6"]
[EventCountry "GER"]
[SourceTitle "Corr 2015"]
[Source "ChessBase"]
[SourceDate "2015.07.17"]
[SourceVersion "1"]
[SourceVersionDate "2015.07.17"]
[SourceQuality "1"]

1. d4 Nf6 2. Nf3 g6 3. c4 Bg7 4. Nc3 d5 5. Qb3 dxc4 6. Qxc4 0-0 7. e4 Na6 8. Be2 c5 9. d5 e6 10. 0-0 exd5 11. exd5 b6 12. Qh4 Nc7 13. Bg5 Bb7 14. Rad1 a6 15. Ne4 Nce8 16. Rfe1 h6 17. Nxf6+ Nxf6 18. Bxh6 Re8 19. Bg5 Bxd5 20. b3 Re4 21. Qxe4 Bxe4 22. Rxd8+ Rxd8 23. Bxa6 Bd5 24. Rd1 Ra8 25. Bb5 Bxf3 26. gxf3 Rxa2 27. Rd6 Nh7 28. Rd8+ Bf8 29. Bh6 Ra3 30. Bc4 b5 31. Bd5 c4 32. bxc4 bxc4 33. Bxc4 Rxf3 34. Kg2 Rf6 35. Be3 Rd6 36. Rc8 Rd7 37. Bb5 Rd5 38. Bc6 1/2-1/2

[Event "SB-2013-0-00322"]
[Site "LSS email"]
[Date "2013.08.27"]
[Round "?"]
[White "Kazmierski, Tomasz"]
[Black "Tylecek, Drahomir"]
[Result "1/2-1/2"]
[WhiteElo "1856"]
[BlackElo "1961"]
[PlyCount "46"]
[EventDate "2013.07.12"]
[EventType "tourn (corr)"]
[EventRounds "6"]
[EventCountry "GER"]
[SourceTitle "Telechess CBM 167"]
[Source "ChessBase"]
[SourceDate "2015.07.13"]
[SourceVersion "1"]
[SourceVersionDate "2015.07.13"]
[SourceQuality "1"]

1. d4 Nf6 2. c4 g6 3. Nc3 d5 4. Nf3 Bg7 5. Bf4 0-0 6. e3 c5 7. dxc5 Qa5 8. Rc1 dxc4 9. Bxc4 Qxc5 10. Bb3 Nc6 11. 0-0 Qa5 12. h3 Bf5 13. Qe2 Ne4 14. Nxe4 Bxe4 15. Rfd1 Qh5 16. Bc4 Bxf3 17. Qxf3 Qxf3 18. gxf3 Bxb2 19. Rb1 Be5 20. Bxe5 Nxe5 21. Be2 b6 22. f4 Nc6 23. Rd7 e5 1/2-1/2

[Event "BI-2013-P-00023"]
[Site "LSS email"]
[Date "2013.04.22"]
[Round "?"]
[White "Kazmierski, Tomasz"]
[Black "Gaitan Moyano, Juan Jose"]
[Result "1-0"]
[WhiteElo "1856"]
[BlackElo "1671"]
[PlyCount "41"]
[EventDate "2013.04.25"]
[EventType "tourn (corr)"]
[EventRounds "10"]
[EventCountry "GER"]
[SourceTitle "Telechess CBM 167"]
[Source "ChessBase"]
[SourceDate "2015.07.13"]
[SourceVersion "1"]
[SourceVersionDate "2015.07.13"]
[SourceQuality "1"]

1. e4 c5 2. Nf3 d6 3. d4 cxd4 4. Nxd4 Nf6 5. Nc3 a6 6. Bc4 e6 7. 0-0 Be7 8. Qf3 Qc7 9. Bb3 0-0 10. Qg3 Nc6 11. Nxc6 Qxc6 12. Bh6 Ne8 13. Rfe1 Bf6 14. Bf4 b5 15. Nd5 Bb7 16. Nxf6+ Nxf6 17. Bh6 Ne8 18. a4 Kh8 19. Bg5 Rc8 20. axb5 axb5 21. Qh4 1-0

[Event "SC-2012-0-00170"]
[Site "LSS email"]
[Date "2013.01.13"]
[Round "?"]
[White "Kazmierski, Tomasz"]
[Black "Van Rooijen, Peter"]
[Result "1/2-1/2"]
[WhiteElo "1967"]
[BlackElo "1775"]
[PlyCount "54"]
[EventDate "2012.12.24"]
[EventType "tourn (corr)"]
[EventRounds "6"]
[EventCountry "GER"]
[SourceTitle "Corr 2015"]
[Source "ChessBase"]
[SourceDate "2015.07.17"]
[SourceVersion "1"]
[SourceVersionDate "2015.07.17"]
[SourceQuality "1"]

1. d4 e6 2. c4 Nf6 3. Nf3 d5 4. Nc3 Be7 5. Bg5 0-0 6. e3 h6 7. Bh4 b6 8. Be2 Bb7 9. Bxf6 Bxf6 10. cxd5 exd5 11. b4 c6 12. 0-0 a5 13. bxa5 Rxa5 14. a4 Bc8 15. Rb1 Be6 16. e4 Nd7 17. exd5 Bxd5 18. Nxd5 Rxd5 19. Qc2 Bxd4 20. Nxd4 Rxd4 21. Qxc6 Re8 22. Qc2 Qe7 23. Bb5 Rd8 24. Qc7 Qf6 25. h3 Ne5 26. Rb3 Rd2 27. Re3 R2d5 1/2-1/2

[Event "SC-2012-0-00145"]
[Site "LSS email"]
[Date "2012.05.17"]
[Round "?"]
[White "Dogan, Ahmet"]
[Black "Kazmierski, Tomasz"]
[Result "1/2-1/2"]
[WhiteElo "1680"]
[BlackElo "1862"]
[PlyCount "78"]
[EventDate "2012.03.30"]
[EventType "tourn (corr)"]
[EventRounds "6"]
[EventCountry "GER"]
[SourceTitle "Telechess CBM 163"]
[Source "ChessBase"]
[SourceDate "2014.11.11"]
[SourceVersion "2"]
[SourceVersionDate "2014.11.11"]
[SourceQuality "1"]

1. Nf3 d5 2. d4 Nf6 3. e3 Nc6 4. c4 e6 5. Bd3 dxc4 6. Bxc4 Bd6 7. Nc3 0-0 8. 0-0 a6 9. e4 e5 10. d5 Nd4 11. Nxe5 Nb5 12. Bxb5 axb5 13. Nd3 b4 14. Nb5 Nxe4 15. Re1 Nf6 16. Nxd6 Qxd6 17. Bf4 Qxd5 18. Bxc7 Be6 19. Rc1 Qxa2 20. Nc5 Qd5 21. Nxe6 fxe6 22. Qe2 Rfc8 23. g3 h5 24. Qxe6+ Qxe6 25. Rxe6 Nd5 26. Bf4 Nxf4 27. Rxc8+ Rxc8 28. gxf4 Rc2 29. b3 Rc3 30. Re3 Kf7 31. Kf1 h4 32. Ke1 Kf6 33. Ke2 b6 34. Re5 Rxb3 35. Rb5 Ke6 36. Rxb6+ Kf5 37. Rb7 g6 38. Rb6 Kxf4 39. Rxg6 Rb2+ 1/2-1/2

[Event "SC-2012-0-00145"]
[Site "LSS email"]
[Date "2012.05.17"]
[Round "?"]
[White "Kazmierski, Tomasz"]
[Black "Hammerschmidt, Volker"]
[Result "1/2-1/2"]
[WhiteElo "1862"]
[BlackElo "1890"]
[PlyCount "103"]
[EventDate "2012.03.30"]
[EventType "tourn (corr)"]
[EventRounds "6"]
[EventCountry "GER"]
[SourceTitle "Telechess CBM 163"]
[Source "ChessBase"]
[SourceDate "2014.11.11"]
[SourceVersion "2"]
[SourceVersionDate "2014.11.11"]
[SourceQuality "1"]

1. c3 Nf6 2. g3 g6 3. Bg2 d5 4. d4 Bg7 5. Nf3 0-0 6. 0-0 c6 7. Re1 Bf5 8. Qb3 Qb6 9. h3 Nbd7 10. g4 Bxb1 11. Rxb1 Qc7 12. Qc2 e6 13. Rd1 Rac8 14. c4 Rfe8 15. g5 Ne4 16. Be3 Bf8 17. Rbc1 Bd6 18. Nd2 Nxd2 19. Bxd2 Nb6 20. c5 Bh2+ 21. Kh1 Nc4 22. e3 Nxd2 23. Rxd2 Re7 24. Rf1 h5 25. gxh6 Kh7 26. Bf3 Qb8 27. Bd1 Rg8 28. f4 Bg3 29. Rg2 Bh4 30. Rg4 Bf6 31. h4 Qf8 32. h5 Qxh6 33. Kg2 Kh8 34. hxg6 Rxg6 35. Rh1 Rxg4+ 36. Bxg4 Bh4 37. Kf1 f5 38. Bf3 Kg8 39. b4 a6 40. a4 Rh7 41. b5 axb5 42. axb5 Qf8 43. Qg2+ Kf7 44. Qa2 Qg8 45. Rg1 Qe8 46. Qg2 Qh8 47. Qg6+ Ke7 48. bxc6 bxc6 49. Ke2 Kd7 50. Rh1 Rh6 51. Qf7+ Be7 52. Bh5 1/2-1/2

[Event "BI-2012-P-00015"]
[Site "LSS email"]
[Date "2012.04.20"]
[Round "?"]
[White "Kazmierski, Tomasz"]
[Black "Gatto, Carolina"]
[Result "1-0"]
[WhiteElo "1806"]
[BlackElo "1122"]
[PlyCount "103"]
[EventDate "2012.04.22"]
[EventType "tourn (corr)"]
[EventRounds "10"]
[EventCountry "GER"]
[SourceTitle "Telechess CBM 159"]
[Source "ChessBase"]
[SourceDate "2014.03.17"]
[SourceVersion "1"]
[SourceVersionDate "2014.03.17"]
[SourceQuality "1"]

1. d4 d5 2. c4 c6 3. Nf3 Nf6 4. h3 dxc4 5. e3 b5 6. a4 Nbd7 7. axb5 cxb5 8. b3 cxb3 9. Qxb3 a6 10. Bxb5 Rb8 11. Bxd7+ Bxd7 12. Qa2 e6 13. 0-0 Bb4 14. Ba3 a5 15. Nbd2 0-0 16. Rfc1 Bb5 17. Bxb4 axb4 18. Qb2 Nd5 19. Ne4 f6 20. Qb3 Qe7 21. Ra5 Be2 22. Nc5 Bxf3 23. gxf3 Rfe8 24. Nxe6 Qxe6 25. Qxd5 Qxd5 26. Rxd5 b3 27. Kf1 Re6 28. Rdc5 Ra6 29. Rc8+ Rxc8 30. Rxc8+ Kf7 31. Rb8 Ra1+ 32. Kg2 Rb1 33. Rb7+ Kg6 34. h4 h5 35. Rb5 b2 36. f4 f5 37. Rb6+ Kf7 38. Kf3 Ke7 39. Ke2 Kf7 40. Rb7+ Ke6 41. Kd3 Rd1+ 42. Kc2 Rh1 43. Kxb2 g6 44. Kc3 Rxh4 45. Kc4 Rh1 46. d5+ Kf6 47. Kc5 Rc1+ 48. Kd6 Rc8 49. Kd7 Rh8 50. Rb6+ Kf7 51. f3 Ra8 52. e4 1-0

[Event "ZI-2012-0-01256"]
[Site "LSS email"]
[Date "2012.03.03"]
[Round "?"]
[White "Kazmierski, Tomasz"]
[Black "Khachatruan, Gurgen"]
[Result "1-0"]
[WhiteElo "1739"]
[BlackElo "1732"]
[PlyCount "65"]
[EventDate "2012.02.22"]
[EventType "match (corr)"]
[EventRounds "2"]
[EventCountry "GER"]
[SourceTitle "Telechess CBM 155"]
[Source "ChessBase"]
[SourceDate "2013.07.16"]
[SourceVersion "1"]
[SourceVersionDate "2013.07.16"]
[SourceQuality "1"]

1. d4 Nf6 2. Nf3 d5 3. c4 e6 4. Nc3 Be7 5. Bg5 h6 6. Bh4 0-0 7. e3 b6 8. Bd3 dxc4 9. Bxc4 Bb7 10. 0-0 Nbd7 11. Qb3 a6 12. Rfd1 b5 13. Ne5 Qe8 14. Bxe6 fxe6 15. Qxe6+ Rf7 16. Qxf7+ Qxf7 17. Nxf7 Kxf7 18. Bg3 Rc8 19. f3 Nb6 20. e4 Nh5 21. Bf2 Nf4 22. Be3 Bd6 23. g3 Nh5 24. b3 g5 25. Rac1 Kg6 26. a4 b4 27. Nb1 a5 28. Nd2 c6 29. Rc2 Be7 30. Rdc1 Bd8 31. Kg2 Nf6 32. h3 Kf7 33. Rc5 1-0

[Event "ZI-2011-0-01182"]
[Site "LSS email"]
[Date "2011.12.12"]
[Round "?"]
[White "Pasqua, Giovanni"]
[Black "Kazmierski, Tomasz"]
[Result "0-1"]
[WhiteElo "1612"]
[BlackElo "1673"]
[PlyCount "88"]
[EventDate "2011.12.08"]
[EventType "match (corr)"]
[EventRounds "2"]
[EventCountry "GER"]
[SourceTitle "Telechess CBM 155"]
[Source "ChessBase"]
[SourceDate "2013.07.16"]
[SourceVersion "1"]
[SourceVersionDate "2013.07.16"]
[SourceQuality "1"]

1. e4 e6 2. d4 d5 3. Nc3 Nf6 4. e5 Nfd7 5. f4 c5 6. Nf3 Nc6 7. Be3 Qb6 8. Na4 Qa5+ 9. c3 cxd4 10. b4 Nxb4 11. cxb4 Bxb4+ 12. Bd2 Bxd2+ 13. Nxd2 0-0 14. Nb2 f6 15. Nd3 fxe5 16. fxe5 Nb6 17. Qb3 Nc4 18. Qb4 Qxb4 19. Nxb4 Nxe5 20. Nc2 Nc6 21. Bb5 e5 22. Bxc6 bxc6 23. Nb4 c5 24. Nxd5 Bb7 25. Ne7+ Kf7 26. Nf5 Ke6 27. Nxg7+ Kd5 28. 0-0-0 Rf2 29. Rhe1 Rxg2 30. Nf5 Rf2 31. Nh6 Re8 32. Ng4 Rf4 33. Ne4 Re6 34. Ngf2 c4 35. Rd2 Rg6 36. Nd1 Bc6 37. Ng3 a6 38. Ne4 h5 39. Rde2 h4 40. Nef2 Re6 41. Nh3 Rf5 42. Nhf2 Ba4 43. Re4 h3 44. Rh4 Rg6 0-1

[Event "LSS BI-2010-P-00019"]
[Site "LSS email"]
[Date "2010.04.19"]
[Round "?"]
[White "Ivanov, Valerij"]
[Black "Kazmierski, Tomasz"]
[Result "1/2-1/2"]
[WhiteElo "1642"]
[BlackElo "1573"]
[PlyCount "69"]
[EventDate "2010.04.22"]
[EventType "tourn (corr)"]
[EventRounds "10"]
[EventCountry "GER"]
[SourceTitle "Corr 2013"]
[Source "ChessBase"]
[SourceDate "2012.11.12"]
[SourceVersion "1"]
[SourceVersionDate "2012.11.12"]
[SourceQuality "1"]

1. e4 g6 2. d4 c6 3. Nc3 d5 4. Nf3 Bg7 5. Bd3 Bg4 6. Be3 e5 7. Be2 Bxf3 8. Bxf3 c5 9. Nxd5 cxd4 10. Bd2 Nf6 11. 0-0 0-0 12. c4 Nbd7 13. b4 Nxd5 14. cxd5 f5 15. Qb3 Nf6 16. exf5 e4 17. Bd1 gxf5 18. d6+ Kh8 19. Bf4 Rc8 20. Qe6 d3 21. Rc1 Rxc1 22. Bxc1 Re8 23. Qxf5 Qxd6 24. Bb2 Qd7 25. Qg5 Qe7 26. h3 a6 27. a3 b5 28. Re1 Ng8 29. Bxg7+ Qxg7 30. Qc5 Nf6 31. f3 d2 32. Re2 exf3 33. Rxe8+ Nxe8 34. g4 Qf6 35. Qe3 1/2-1/2

[Event "LSS ZI-2009-0-00601"]
[Site "LSS email"]
[Date "2009.12.13"]
[Round "?"]
[White "Kazmierski, Tomasz"]
[Black "Lauer, Fredric"]
[Result "1-0"]
[WhiteElo "1776"]
[BlackElo "1458"]
[PlyCount "51"]
[EventDate "2009.12.10"]
[EventType "match (corr)"]
[EventRounds "2"]
[EventCountry "GER"]
[SourceTitle "Corr 2013"]
[Source "ChessBase"]
[SourceDate "2012.11.12"]
[SourceVersion "1"]
[SourceVersionDate "2012.11.12"]
[SourceQuality "1"]

1. Nf3 g6 2. e4 c5 3. d4 cxd4 4. Nxd4 Bg7 5. c4 Nc6 6. Be3 d6 7. Nc3 Nf6 8. Be2 0-0 9. 0-0 Nxd4 10. Bxd4 Be6 11. f4 Qa5 12. f5 Bd7 13. a3 Qc7 14. Qd3 a6 15. g4 Ne8 16. Nd5 Bxd4+ 17. Qxd4 Qd8 18. e5 Bc6 19. fxg6 hxg6 20. e6 f6 21. Bd3 Ng7 22. Rae1 Bxd5 23. cxd5 f5 24. gxf5 gxf5 25. Re3 Rf6 26. Rg3 1-0

[Event "LSS ZI-2009-0-00589"]
[Site "LSS email"]
[Date "2009.12.05"]
[Round "?"]
[White "Kazmierski, Tomasz"]
[Black "Yang, Dong"]
[Result "1-0"]
[WhiteElo "1783"]
[BlackElo "1600"]
[PlyCount "45"]
[EventDate "2009.12.02"]
[EventType "match (corr)"]
[EventRounds "2"]
[EventCountry "GER"]
[SourceTitle "Corr 2013"]
[Source "ChessBase"]
[SourceDate "2012.11.12"]
[SourceVersion "1"]
[SourceVersionDate "2012.11.12"]
[SourceQuality "1"]

1. c4 c5 2. e3 g6 3. Nc3 Nf6 4. Nf3 Bg7 5. d4 cxd4 6. exd4 d5 7. Bg5 Ne4 8. Be3 0-0 9. Nxd5 Bg4 10. h3 Qa5+ 11. b4 Qd8 12. hxg4 Nd7 13. Qd3 Ndf6 14. Nf4 Nd6 15. c5 Nde8 16. g5 Nd5 17. Qe4 Nxf4 18. Qxf4 Qd5 19. Be2 Rc8 20. Ne5 Bxe5 21. Qh4 h5 22. Bxh5 Bg7 23. Bf3 1-0